|
|
|
|
| LEADER |
02099nam a22004937a 4500 |
| 001 |
11231 |
| 003 |
BD-DhAAL |
| 005 |
20190211125035.0 |
| 008 |
190211m19939999bg ab b f000 0 eng |
| 999 |
|
|
|c 40430
|d 40430
|
| 010 |
|
|
|a 2004329736
|
| 025 |
|
|
|a I-E-2004-329736; 26
|
| 035 |
|
|
|a (DLC) 2004329736
|
| 037 |
|
|
|b Library of Congress -- New Delhi Overseas Office
|
| 040 |
|
|
|a DLC
|c DLC
|d BD-DhAAL
|
| 042 |
|
|
|a lcode
|
| 043 |
|
|
|a a-bg---
|
| 050 |
0 |
0 |
|a HV635.5
|b .M85 1993
|
| 082 |
|
|
|a 363.348095492
|2 22
|
| 245 |
0 |
0 |
|a Multipurpose Cyclone Shelter Programme :
|b final report.
|n Part 2
|
| 246 |
|
|
|a Cyclone shelters and killas.
|
| 260 |
|
|
|a Dhaka :
|b Bangladesh University of Engineering & Technology :
|b Bangladesh Institute of Development Studies,
|c 1993-
|
| 300 |
|
|
|a various pagings :
|b ill., maps (some col. & folded) ;
|c 30 cm.
|
| 362 |
|
|
|a Vol. II
|
| 500 |
|
|
|a At head of title: Planning Commission, Government of Bangladesh ; United Nations Development Programme/World Bank.
|
| 500 |
|
|
|a "UNDP/World Bank/GOB Project BGD/91/025."
|
| 504 |
|
|
|a Includes bibliographical references.
|
| 541 |
|
|
|a Complimentary copy
|e 11231
|
| 610 |
2 |
0 |
|a UNDP/World Bank/GOB Project BGD/91/025.
|9 29937
|
| 650 |
|
0 |
|a Disaster relief
|z Bangladesh
|9 29938
|
| 650 |
|
0 |
|a Cyclones
|z Bangladesh
|9 29939
|
| 650 |
|
0 |
|a Emergency management
|z Bangladesh.
|9 29940
|
| 650 |
|
0 |
|a Cyclone tracking
|z Bangladesh.
|9 29941
|
| 650 |
|
0 |
|a Storm surges
|z Bangladesh.
|9 29942
|
| 650 |
|
0 |
|a Disaster relief
|z Bangladesh.
|9 29938
|
| 710 |
2 |
|
|a Bangladesh University of Engineering and Technology.
|9 29943
|
| 710 |
2 |
|
|a Bangladesh Institute of Development Studies.
|9 29944
|
| 710 |
2 |
|
|a Bangladesh.
|b Parikalpanā Kamiśana.
|9 29945
|
| 710 |
2 |
|
|a United Nations Development Programme.
|9 29946
|
| 710 |
2 |
|
|a World Bank.
|9 29947
|
| 710 |
2 |
|
|a UNDP/World Bank/GOB Project BGD/91/025.
|9 29937
|
| 852 |
|
|
|a Ayesha Abed Library
|
| 942 |
|
|
|2 ddc
|c BK
|
| 952 |
|
|
|0 0
|1 0
|2 ddc
|4 0
|6 363_348095492000000_MUL
|7 1
|9 65042
|a BRACUL
|b BRACUL
|d 2019-02-11
|e Complimentary copy
|l 0
|o 363.348095492 MUL
|p 3010011231
|r 2019-02-11
|t 1
|w 2019-02-11
|y BK
|